Normal view
MARC view
Entry Personal Name
001 - CONTROL NUMBER
- control field: 700368
003 - CONTROL NUMBER IDENTIFIER
- control field: OSt
005 - DATE AND TIME OF LATEST TRANSACTION
- control field: 20221007083145.0
008 - FIXED-LENGTH DATA ELEMENTS
- fixed length control field: 221007|| aca||aabn | a|a d
040 ## - CATALOGING SOURCE
- Original cataloging agency: OSt
- Transcribing agency: OSt
100 ## - HEADING--PERSONAL NAME
- Personal name: Bajaj Alka
670 ## - SOURCE DATA FOUND
- Source citation: Work cat.: (OSt)1169027: Bajaj Alka, Incentives to corporate sector under section 80J/80I of the income tax act-1961 - Critical appraisal, 1986
